000 00724nam a2200181 a 4500
001 000029599
005 20200930055651.0
008 110415s1997 dr 000 0 spa d
040 _aDO-SdBNP
_bspa
_cBNPHU
082 _axxx
_bC3978a
110 2 _aCentro Nacional de Investigaciones en Salud Materno Infantil
_955757
245 1 0 _aAnticuerpo al Virus de Inmunodeficiencia Humana, al virus de la Hepatitis C. y antígeno de superficie en niños /
_ceditor Eddy Pérez.
260 _aSanto Domingo :
_bCENISMI,
_c1997.
300 _avi, 12 p. ;
_c28 cm.
490 _aInvestigaciones en salud
_aReuniones Técnicas
_v1
700 1 _aPérez, Eddy,
_eed.
_956333
830 0 _aInvestigaciones en salud
_preuniones Técnicas
_v1
_956423
999 _c29091
_d29091